[Event "Rutas de Cuenca op 6th"]
[Site "Cuenca"]
[Date "2019.07.21"]
[Round "6"]
[White "Galan Martin, Miguel Angel"]
[Black "Serrano Gallen, Guiomar"]
[Result "1/2-1/2"]
[WhiteElo "1626"]
[BlackElo "1335"]
[PlyCount "46"]
[EventDate "2019.07.19"]
[EventType "swiss"]
[EventRounds "7"]
[EventCountry "ESP"]
[SourceTitle "CBM 195 Extra"]
[Source "ChessBase"]
[SourceDate "2020.05.31"]
[SourceVersion "1"]
[SourceVersionDate "2020.05.31"]
[SourceQuality "1"]

1. Nf3 d5 2. b3 Nf6 3. Bb2 c6 4. e3 Bf5 5. c4 e6 6. Be2 Be7 7. 0-0 0-0 8. Nc3 Nbd7 9. Rc1 Nc5 10. d4 Nce4 11. Nxe4 Bxe4 12. Bd3 Bd6 13. h3 h6 14. Ne5 Qe7 15. c5 Bc7 16. f4 Bxd3 17. Nxd3 Ne4 18. Bc3 Nxc3 19. Rxc3 Qh4 20. Rc2 f5 21. Qe1 Qxe1 22. Nxe1 Kf7 23. Nd3 Rg8 1/2-1/2

[Event "Ciudad Real-ch (Women)"]
[Site "Ciudad Real"]
[Date "2019.07.07"]
[Round "6.3"]
[White "Serrano Gallen, Guiomar"]
[Black "Soto Perez Cejuela, Helena"]
[Result "1/2-1/2"]
[WhiteElo "1335"]
[BlackElo "1311"]
[PlyCount "56"]
[EventDate "2019.07.04"]
[EventType "tourn"]
[EventRounds "7"]
[EventCountry "ESP"]
[SourceTitle "EXT 2024"]
[Source "ChessBase"]
[SourceDate "2023.10.10"]
[SourceVersion "1"]
[SourceVersionDate "2023.10.10"]
[SourceQuality "1"]

1. e4 c6 2. Nc3 d5 3. exd5 cxd5 4. d4 Nc6 5. Nf3 Bg4 6. Be2 Nf6 7. 0-0 e6 8. a3 Be7 9. Rb1 0-0 10. Bf4 Bxf3 11. Bxf3 Bd6 12. Ne2 Bxf4 13. Nxf4 Qd6 14. Ne2 Rfc8 15. c3 b5 16. Qd3 Rab8 17. Rfc1 a5 18. h3 b4 19. axb4 axb4 20. Qe3 bxc3 21. bxc3 Rxb1 22. Rxb1 Ne7 23. Rc1 Rb8 24. Qf4 Qxf4 25. Nxf4 Nc8 26. c4 dxc4 27. Rxc4 Nd6 28. Rc1 Rb4 1/2-1/2